00379nam a22001097a 4500003000400000082001800004100002100022245015600043260004400199300000700243650001900250SGT a617.632bE25W aWadhwa, Viyanti  aEvaluation and comparison of Calcium coated versus conventional dental implants for their stability and crestal bone lossbA Clinico-Radiographic study aGurugram, HaryanabSGT Universityc2025 a75 aPeriodontology